Anglo-Saxon Studies in Archaeology and History 23

محفوظ في:

المؤلف الرئيسي: Professor Helena Hamerow

التنسيق: كتاب

اللغة: Undetermined

الوصول للمادة أونلاين: Login to view Source

الوسوم: إضافة وسم

لا توجد وسوم, كن أول من يضع وسما على هذه التسجيلة!

رقم الطلب:

LEADER 00470nmm a2200133Ia 4500
008 240716s9999||||xx |||||||||||||||||und||
020 |a 9781789698916 
020 |a 9781803275598 
100 |a Professor Helena Hamerow 
245 1 0 |a Anglo-Saxon Studies in Archaeology and History 23  |c Professor Helena Hamerow 
264 |b Archaeopress Archaeology  |c 27-أكتوبر-23 
856 4 0 |u http://library.arce.org:8087/Archaeopress/Products/9781789698916 
942 |2 lcc  |c EBOOK 
999 |c 58995  |d 58995